Chránená dielňa a ekonomické aspekty jej fungovania diplomová práca

Uložené v:
Podrobná bibliografia
Hlavný autor: Máliková, Dominika
Korporativný autor: Národohospodárska fakulta EU. Katedra sociálneho rozvoja a práce
Ďalší autori: Pongráczová, Eva, 1971-
Médium: Kniha
Jazyk:Slovak
Vydavateľské údaje: Bratislava 2015
Tagy: Pridať tag
Žiadne tagy, Buďte prvý, kto otaguje tento záznam!

MARC

LEADER 00000nbm a2200000 4500
001 0201063
005 20161212095216.7
041 0 |a slo 
044 |a SK 
245 1 0 |a Chránená dielňa a ekonomické aspekty jej fungovania  |b diplomová práca  |c Dominika Máliková ; školiteľ: Eva Pongrácz 
264 1 |a Bratislava  |c 2015 
300 |a 75 s. 
100 1 |a Máliková, Dominika 
700 1 |a Pongráczová, Eva, 1971- 
710 2 |a Národohospodárska fakulta EU. Katedra sociálneho rozvoja a práce